01424nam a22002417a 45000010005000000030006000050050017000110080041000280200018000690400029000870500014001160820011001301000020001412450051001612600040002123000049002524900027003015050008003285200754003365210020010905210020011106500052011304785FISKH20241220080655.0241014b cb ||||| |||| 00| 0 eng d a9780516299198 aFISKHbengcFISKHdFISKH aQA95.S316 a793.74 aSargent, Brian  aGrandfather's shape story /cby Brian Sargent  aNew York : bScholastic ; c2007 .  a31 pages : bcolor illustrations ;c19 cm .  aRookie Read-About Math aH  a- Simplifies complex math concepts.- Explains concepts using real-life situations and familiar objects.- Clear linkage between text and photos.- Words You Know section to reinforce text.- Index- Full-color photographsCurriculum Standards: Grades K-4 Science StandardsScience as Inquiry: I- Employ simple equipment to gather data- NCTM Pre-K-Grade 2 National Math StandardsNumber and Operations Standard- Count with understanding and recognize how many in sets of objects- Use a variety of methods and tools to compute, including objects, mental computation, estimation, paper and pencil, and calculators- Understand the effects of adding and subtracting whole numbersProblem Solving Standard- Build new mathematical knowledge through problem solving8 a450 bLexile 8 aH bRaz-Plus  aMathematical recreations vJuvenile literature